000 00648nam a2200241 i 4500
001 C2-0230135
003 PPAK
005 20180728160653.0
008 001028s my |||| ||||| | may d
020 _a9839256491
040 _aPPAK
_beng
_cPPAK
_erda
082 0 4 _a297
_223
090 0 0 _a297
_bHIM
_dG
090 0 0 _a297
_bHIM
_dR
245 0 0 _aHimpunan kitab-kitab fadhail
264 1 _aKuala Lumpur :
_bEra Ilmu ,
_c[date of publication not identified]
300 _a784 pages ;
_c22 cm
336 _2rdacontent
_atext
337 _2rdamedia
_aunmediated
338 _2rdacarrier
_avolume
650 1 0 _aIslam - Doctrines
942 _ddc
_cB
999 _c149632
_d149632